Spatial behavior : a geographic perspective

Αποθηκεύτηκε σε:
Λεπτομέρειες βιβλιογραφικής εγγραφής
Κύριος συγγραφέας: Golledge, Reginald G. 1937-
Άλλοι συγγραφείς: Stimson, R. J. (Robert John)
Μορφή: Βιβλίο
Γλώσσα:English
Δημοσίευση: New York : The Guilford Press, c1997
Θέματα:
Ετικέτες: Προσθήκη ετικέτας
Δεν υπάρχουν, Καταχωρήστε ετικέτα πρώτοι!

MARC

LEADER 00000nam a2200000 i 4500
001 1/24126
008 981126s1997 eng d
020 |a 1-57230-050-7 
035 |l 10037021 
040 |a GR-MY-UA  |b gre  |e aacr 
041 0 |a eng 
082 0 |a 304.8 
100 1 |a Golledge, Reginald G.  |d 1937- 
245 1 0 |a Spatial behavior :  |b a geographic perspective /  |c Reginald G. Golledge and Robert J. Stimson 
260 |a New York :   |b The Guilford Press,   |c c1997 
300 |a 620 p. 
504 |a Includes bibliographical references and index 
650 0 0 |a Human geography. 
650 0 0 |a Spatial behavior. 
650 0 0 |a Decision making. 
650 0 0 |a Geographical perception. 
700 1 |a Stimson, R. J.  |q (Robert John) 
852 |a INST  |b LESVOS  |e 19981126  |h 304.8 GOL  |p 005100017988  |q 005100017988  |t BK  |y 0 
901 |a BIBL-1998-3 
909 |a Λ  |b 060314 
922 |a 1ΕΛΗ  |b 199810  |c ΚΠΣ/ΤΓ  |d ΠΑΠΑΣΩΤΗΡΙΟΥ 
950 |a 118-1998-07-21